Türkiye, İslam ülkeleri : (Record no. 200431214)
[ view plain ]
| 000 -LEADER | |
|---|---|
| fixed length control field | 01000cam a2200301 i 4500 |
| 001 - CONTROL NUMBER | |
| control field | 200431214 |
| 003 - CONTROL NUMBER IDENTIFIER | |
| control field | TR-AnTOB |
| 005 - DATE AND TIME OF LATEST TRANSACTION | |
| control field | 20260122141223.0 |
| 007 - PHYSICAL DESCRIPTION FIXED FIELD--GENERAL INFORMATION | |
| fixed length control field | ta |
| 008 - FIXED-LENGTH DATA ELEMENTS--GENERAL INFORMATION | |
| fixed length control field | 181027s1982 tu a b 000 0 tur d |
| 010 ## - LIBRARY OF CONGRESS CONTROL NUMBER | |
| LC control number | 85203101 |
| 040 ## - CATALOGING SOURCE | |
| Original cataloging agency | DLC |
| Language of cataloging | eng |
| Description conventions | rda |
| Transcribing agency | TR-AnTOB |
| Modifying agency | TR-AnTOB |
| 041 0# - LANGUAGE CODE | |
| Language code of text/sound track or separate title | Türkçe |
| 050 14 - LIBRARY OF CONGRESS CALL NUMBER | |
| Classification number | JX846 |
| Item number | .Y395 1982 |
| 090 ## - LOCALLY ASSIGNED LC-TYPE CALL NUMBER (OCLC); LOCAL CALL NUMBER (RLIN) | |
| Classification number (OCLC) (R) ; Classification number, CALL (RLIN) (NR) | JX846 |
| Local cutter number (OCLC) ; Book number/undivided call number, CALL (RLIN) | .Y395 1982 |
| 100 1# - MAIN ENTRY--PERSONAL NAME | |
| Personal name | Yazıcı, Reşat, |
| Dates associated with a name | 1934- |
| Relator term | author |
| 9 (RLIN) | 129215 |
| 245 10 - TITLE STATEMENT | |
| Title | Türkiye, İslam ülkeleri : |
| Remainder of title | anlaşmalar ve mevzuat / |
| Statement of responsibility, etc. | Reşat Yazıcı. |
| 264 #3 - PRODUCTION, PUBLICATION, DISTRIBUTION, MANUFACTURE, AND COPYRIGHT NOTICE | |
| Place of production, publication, distribution, manufacture | Ankara : |
| Name of producer, publisher, distributor, manufacturer | Reşat Yazıcı, |
| Date of production, publication, distribution, manufacture, or copyright notice | 1982. |
| 300 ## - PHYSICAL DESCRIPTION | |
| Extent | xxvii, 452 pages : |
| Other physical details | illustrations ; |
| Dimensions | 24 cm |
| 336 ## - CONTENT TYPE | |
| Content type term | text |
| Content type code | txt |
| Source | rdacontent |
| 337 ## - MEDIA TYPE | |
| Media type term | unmediated |
| Media type code | n |
| Source | rdamedia |
| 338 ## - CARRIER TYPE | |
| Carrier type term | volume |
| Carrier type code | nc |
| Source | rdacarrier |
| 651 #7 - SUBJECT ADDED ENTRY--GEOGRAPHIC NAME | |
| Geographic name | Türkiye |
| General subdivision | Dış ilişkiler |
| Geographic subdivision | İslam ülkeleri |
| Source of heading or term | etuturkob |
| 9 (RLIN) | 129217 |
| Geographic name | İslam ülkeleri |
| General subdivision | Dış ilişkiler |
| Geographic subdivision | Türkiye |
| Source of heading or term | etuturkob |
| 9 (RLIN) | 129219 |
| 942 ## - ADDED ENTRY ELEMENTS (KOHA) | |
| Source of classification or shelving scheme | Library of Congress Classification |
| Koha item type | Book |
| Withdrawn status | Lost status | Source of classification or shelving scheme | Materials specified (bound volume or other part) | Not for loan | Collection code | Home library | Current library | Shelving location | Date acquired | Source of acquisition | Inventory number | Total Checkouts | Full call number | Barcode | Date last seen | Copy number | Date shelved | Koha item type | Public note | Serial Enumeration / chronology |
|---|---|---|---|---|---|---|---|---|---|---|---|---|---|---|---|---|---|---|---|---|
| Other/Generic Classification Scheme | V.1 | Ödünç Verilebilir / Available | Genel Koleksiyon | Merkez Kütüphane | Merkez Kütüphane | Genel Koleksiyon / Main Collection | 01/07/2005 | TOBB Devir / TOBB Transfer | SUİ | JX846 .Y395 1982 TOBBK v.1 | 0062880 | 17/10/2018 | 1 | 10/02/2021 | Book | Donated by TOBB. | ||||
| Other/Generic Classification Scheme | V.2 | Ödünç Verilebilir / Available | Genel Koleksiyon | Merkez Kütüphane | Merkez Kütüphane | Genel Koleksiyon / Main Collection | 01/07/2005 | TOBB Devir / TOBB Transfer | SUİ | JX846 .Y395 1982 TOBBK v.2 | T001906 | 16/03/2022 | 1 | 10/02/2021 | Book | Donated by TOBB. | 2 |
